000 00743cam a2200193 i 4500
005 20251112124535.0
008 250721s2019 jo gr 000 0 ara d
020 _a9789957686949
082 1 4 _a189
_bط ن ي
100 1 _aالطني، عبدالله
_eمؤلف.
245 1 2 _aالولادة الثانية :
_bصناعة المفهوم في فلسفة الفارابي /
_cالدكتور عبدالله الطني ؛ تقديم ادريس مقبول.
250 _aالطبعة الاولى.
264 3 1 _aاربد :
_bعالم الكتب الحديث،
_c2019.
300 _a408 صفحة.
650 1 7 _aالفلسفة الاسلامية.
650 1 7 _aفلسفة الفارابي.
942 _2ddc
_cBK
999 _c140330
_d140330